000 00488nam a2200181Ia 4500
008 100920s9999 xx 000 0 und d
082 _b64585
_a20 थ 72
100 _a---
245 _aNATIONAL GEOGRAPHIC.
260 _bNATIONAL GEOGRAPHIC SOCIETY ,WASHINGTON.
_c1972
300 _a884
_bसाधी
365 _b0
520 _aरेफरन्स.
630 _aNATIONAL GEOGRAPHIC.
650 _aरेफरन्स.
730 _aNATIONAL GEOGRAPHIC.
942 _cBOOK
999 _c707585
_d707582